Online
Catalog

Del no puedes al no quieres : (Record no. 6376)

MARC details
000 -CABECERA
campo de control de longitud fija 00750nam a2200217 a 4500
001 - NÚMERO DE CONTROL
campo de control 000006585
005 - FECHA Y HORA DE LA ÚLTIMA TRANSACCIÓN
campo de control 20250430073846.0
008 - DATOS DE LONGITUD FIJA--INFORMACIÓN GENERAL
campo de control de longitud fija 090901s2004 xx 000 0 spa d
020 ## - NÚMERO INTERNACIONAL ESTÁNDAR DEL LIBRO
Número Internacional Estándar del Libro 9945000225
040 ## - FUENTE DE LA CATALOGACIÓN
Centro catalogador/agencia de origen DO-SdBNP
Lengua de catalogación spa
Centro/agencia transcriptor BNPHU
082 ## - NÚMERO DE LA CLASIFICACIÓN DECIMAL DEWEY
Número de clasificación 158.1
Número de documento/Ítem A859d
100 1# - ENTRADA PRINCIPAL--NOMBRE DE PERSONA
Nombre de persona Astwood, William J.
9 (RLIN) 18276
245 10 - MENCIÓN DE TÍTULO
Título Del no puedes al no quieres :
Resto del título una propuesta de cambio para tu vida /
Mención de responsabilidad, etc. William J. Astwood ; prólogo, Bolívar Feliz.
260 ## - PUBLICACIÓN, DISTRIBUCIÓN, ETC.
Fecha de publicación, distribución, etc. [s.l.]
Nombre del editor, distribuidor, etc. Instituto William,
Fecha de publicación, distribución, etc. 2004.
300 ## - DESCRIPCIÓN FÍSICA
Extensión 110 p. ;
Dimensiones 22 cm.
650 #0 - PUNTO DE ACCESO ADICIONAL DE MATERIA--TÉRMINO DE MATERIA
Término de materia o nombre geográfico como elemento de entrada Autorrealización (Psicología)
9 (RLIN) 211
650 #4 - PUNTO DE ACCESO ADICIONAL DE MATERIA--TÉRMINO DE MATERIA
Término de materia o nombre geográfico como elemento de entrada Técnicas de autoayuda
9 (RLIN) 387
650 #4 - PUNTO DE ACCESO ADICIONAL DE MATERIA--TÉRMINO DE MATERIA
Término de materia o nombre geográfico como elemento de entrada Dirección espiritual
9 (RLIN) 6470
650 #7 - PUNTO DE ACCESO ADICIONAL DE MATERIA--TÉRMINO DE MATERIA
Término de materia o nombre geográfico como elemento de entrada Superación personal
Fuente del encabezamiento o término Sears
9 (RLIN) 10825
700 1# - PUNTO DE ACCESO ADICIONAL--NOMBRE DE PERSONA
Nombre de persona Feliz, Bolívar,
Término indicativo de función/relación pról.
9 (RLIN) 18277
Holdings
Estado de retiro Estado de pérdida Restricciones de uso No para préstamo Código de colección Localización permanente Ubicación/localización actual Ubicación en estantería Fecha de adquisición Número de inventario Total de préstamos Signatura topográfica completa Código de barras Fecha visto por última vez Número de copia Precio válido a partir de Tipo de ítem Koha
  Extraviado     Monografías: Libros y Folletos General General Extraviado 09.09.2009 LF1   158.1 A859d 6585-30 25.06.2020 e. 3 25.06.2020 Préstamo en sala
      Excluido de préstamo Monografías: Libros y Folletos Patrimonio Dominicano Patrimonio Dominicano Depósito 09.09.2009 LF1   158.1 A859d 6585-10 25.06.2020   25.06.2020 No se presta
  Extraviado   Excluido de préstamo Monografías: Libros y Folletos Patrimonio Dominicano Patrimonio Dominicano Extraviado 09.09.2009 LF1   158.1 A859d 6585-20 25.06.2020 e. 2 25.06.2020 No se presta

Powered by Koha